[Event "Titled Tue 31st Jan Early"]
[Site "chess.com INT"]
[Date "2023.01.31"]
[Round "11"]
[White "Bluebaum, M."]
[Black "Oparin, G."]
[Result "1/2-1/2"]
[WhiteElo "2661"]
[BlackElo "2670"]
[PlyCount "201"]
[EventDate "2023.01.31"]

1. d4 {Stohl,Igor} d5 2. c4 e6 3. Nc3 Be7 4. cxd5 exd5 5. Bf4 c6 6. Qc2 ({RR} 6. e3 Bf5 7. g4 ({RR} 7. Nge2) ({RR} 7. Bd3 Bxd3 8. Qxd3 Nf6 9. Nge2 Nh5 10. Bxb8 Rxb8 11. f3 O-O 12. O-O f5 13. a3 a6 14. b4 Qd7 15. Rae1 Rbe8 16. Nc1 a5 17. bxa5 Bxa3 18. Nxd5 Bxc1 19. Nb6 Qe6 20. Rxc1 Qxe3+ 21. Qxe3 Rxe3) 7... Be6 8. h4 Nd7 9. g5 ({RR} 9. h5) ({RR} 9. Bg3) 9... h6 10. g6 Ngf6 ({RR} 10... fxg6 11. Bd3 Nf8 ({RR} 11... Bf7 12. Qc2 Nf8 13. Nf3) 12. Nf3 Bf5 13. Ne5 Nf6 14. Rg1 Ne4 ({RR} 14... Rg8) 15. Bxe4 Bxe4 ({RR} 15... dxe4 16. Qb3) 16. Nxe4 dxe4 17. Qb3 Qa5+ 18. Kf1 ({RR} 18. Ke2 Qa6+ 19. Kd1) 18... Qb5+ 19. Qxb5 cxb5 20. Rc1 Bxh4 21. Bh2 Bd8 ({RR} 21... h5 22. Rc7) 22. Rg4 Nd7 23. Rxg6 Bf6 24. Rc7 Nf8 25. Rg4) 11. gxf7+ Bxf7 12. Bd3 ({RR} 12. Nf3 Nh5) 12... Nh5 13. Be5 O-O 14. Qg4 Nhf6 15. Qg3 Nh5 16. Qg2 Nxe5 17. dxe5 Bb4 18. Nf3 d4 19. Nxd4 Nf4 20. exf4 Qxd4) 6... Nf6 7. h3 ({RR} 7. e3 Nh5 8. Be5 ({RR} 8. Bg3 Nd7 9. Bd3 g6 10. Nf3 O-O 11. Rb1 a5 12. a3 Re8 ({RR} 12... Nxg3 13. hxg3 Nf6) 13. Nxd5 cxd5 14. Bc7) 8... Nd7 9. Be2 ({RR} 9. Nf3 Nxe5 10. Nxe5 g6 11. Bd3 Ng7 12. O-O-O Bf5 13. g4 Bxd3 14. Nxd3 Qd7 15. h3 O-O-O 16. Kb1 Kb8 17. Rc1 Bd6 18. Na4 f5 19. Nac5 Qe7 20. gxf5 Nxf5 21. Qb3 Rhf8) 9... Nxe5 10. dxe5 g6 11. Bxh5 gxh5 12. O-O-O ({RR} 12. Nf3 f6 13. O-O ({RR} 13. e4 d4 14. exf6 Bxf6 15. O-O-O) 13... Bg4 14. exf6 Bxf6 15. Nd4 O-O 16. f3 Bd7 17. Rad1 Rc8 ({RR} 17... Qe7 18. Rfe1 Qg7) 18. Rfe1 Bg7 19. e4 c5 20. Nf5 Bxf5 21. exf5 d4 22. Qe4 ({RR} 22. Qb3+) 22... Qd7 23. g4 Rfe8 24. Qd5+ Qxd5 25. Nxd5 Rxe1+ 26. Rxe1 Rd8) ({RR} 12. Rd1 f6 13. exf6 Bxf6 14. Nge2 O-O ({RR} 14... Qe7 15. e4 d4 16. Nxd4 Qg7 17. Nde2 ({RR} 17. Nce2 Qxg2 18. Rg1 Qxh2 19. Qb3 Rf8 20. Ne6) 17... Qxg2 18. Rg1 Qxh2 19. Qb3 Rf8 20. f4 Bg4 21. Rxg4 hxg4 22. Qe6+ Be7 23. Rd7 Qh4+ 24. Kf1 Rf7 25. Rxb7 Kf8 26. Qxc6 Rd8) 15. O-O ({RR} 15. e4 Qb6 ({RR} 15... Bg4)) 15... Qe8 16. e4 dxe4 ({RR} 16... Qg6) 17. Nxe4 Bg7 18. N2c3 ({RR} 18. N2g3) 18... Bf5 19. Qb3+ Qe6 20. Qxe6+ Bxe6 21. Rd6 Rae8 22. Re1 b5 23. a3 a5 24. h4 b4 25. axb4 axb4 26. Na4 Bd5)) ({RR} 7. Nf3 g6 8. e3 Bf5 9. Bd3 Bxd3 10. Qxd3 Nbd7 11. O-O O-O 12. h3 Re8 13. Rab1 a5 14. Rfc1 Nb6 ({RR} 14... Bf8) 15. Nd2 Nh5 16. Bh2 Bd6 17. Bxd6 Qxd6 18. a3 Nf6 19. b4 Nfd7 20. bxa5 Rxa5 21. a4 Ra7) 7... g6 ({RR} 7... Qa5 8. e3 ({RR} 8. Nf3 Ne4 9. Bd2 Nxd2 10. Nxd2 g6 11. e3 Bf5 12. Bd3 Bxd3 13. Qxd3 Qd8 14. O-O Nd7 15. Rfc1 O-O 16. Rab1 a5 17. Na4 Nb6 18. Nxb6 Qxb6 19. Nb3 a4) 8... Ne4 9. a3 Bf5 10. Bd3 Na6 11. Rc1 Nxc3 12. Qxc3 Qxc3+ 13. Rxc3 Bxd3 14. Rxd3 O-O-O 15. Nf3 Nc7 16. Ke2 Bd6 17. Bxd6 Rxd6 18. Ne5 Rf8 19. Rc3 Nb5 20. Rc2 Re6 21. Kf3 Nd6) ({RR} 7... Na6 8. e3 Nb4 9. Qb1 g6 10. g4 h5 11. a3 Na6 12. Bxa6 bxa6 13. g5 Nh7 14. Be5 O-O 15. f4 Bf5 16. Qa2 f6 17. gxf6 Nxf6 18. Nge2 Ne4 19. Nxe4 Bxe4 20. Rg1 Qd7) ({RR} 7... O-O 8. e3 Nbd7 ({RR} 8... Bd6 9. Bxd6 Qxd6 10. Bd3 Be6 11. Nge2 Re8 12. g4 g6 13. Ng3 Na6 14. Bxa6 bxa6 15. g5 Nd7 16. Kf1 c5 17. Rd1 f5 18. Nge2 c4 19. Nf4 Bf7 20. h4 Nb6 21. Kg2 Rab8 22. Rh3 Qe7 23. Rdh1) 9. Nf3 Re8 ({RR} 9... g6 10. Bd3 Nh5 11. Bh2 Ng7 12. O-O Nb6) 10. Bd3 Nf8 11. O-O Ne6 12. Bh2 g6 13. Rab1 Ng7 14. b4 a6 15. Na4 Bf5 16. Nc5 Bxd3 17. Qxd3 Ra7 18. a4 Nf5 19. Rfc1 Ne4 20. Nxe4 dxe4 21. Qxe4 Bxb4 22. Qd3) ({RR} 7... Be6 8. e3 Nbd7 9. Nf3 h6 10. Bd3 Rc8 11. Bh2 a6 12. O-O O-O 13. a3 a5 14. Rae1 c5 15. Qd2 c4 16. Bb1 Re8 17. Ne5 Nxe5 18. dxe5 Nh7 19. Rd1 Rc5 20. f4 f5 21. g4) 8. e3 Bf5 9. Bd3 ({RR} 9. Qd2 h5 ({RR} 9... Ne4 10. Nxe4 Bxe4 11. f3 ({RR} 11. Ne2 Bd6 12. f3 Bf5 13. O-O-O) 11... Bf5 12. O-O-O a5) ({RR} 9... O-O 10. g4 Be6 11. Bd3 c5 12. Nge2) 10. Bd3 Bxd3 11. Qxd3 Nbd7 ({RR} 11... Bd6 12. Nf3) 12. Nge2 a5 ({RR} 12... O-O 13. O-O-O ({RR} 13. O-O Re8 14. f3)) 13. O-O O-O 14. f3 b5 ({RR} 14... Re8 15. e4 Nf8) ({RR} 14... h4 15. e4 Nb6) 15. e4 dxe4 16. fxe4 Nc5 17. Qf3 ({RR} 17. Qe3 Ne6 18. Bh6 Re8 19. Rad1) 17... Ne6 ({RR} 17... b4 18. e5 ({RR} 18. dxc5 bxc3 ({RR} 18... Bxc5+ 19. Kh1 bxc3 20. Bg5 ({RR} 20. Rad1 Nd7 21. Qxc3)) 19. Rad1 Qe8 20. Nxc3 Bxc5+ 21. Kh1) 18... Nh7 19. dxc5) 18. Be3 ({RR} 18. Rad1 Nxf4 19. Nxf4) 18... b4 ({RR} 18... Nh7 19. e5 ({RR} 19. Bf2) 19... Rc8) 19. Nb1 ({RR} 19. Na4) 19... Nh7 20. Nd2 Rc8 ({RR} 20... Nhg5 21. Qg3 ({RR} 21. Qf2 f5) 21... Nh7 22. Nc4 ({RR} 22. Qf2 Bh4 23. g3 Bg5 24. Rac1) 22... Bh4 23. Qf3 Nhg5 24. Bxg5 Bxg5 25. Rad1) ({RR} 20... f5 21. exf5 Rxf5 22. Qxc6) ({RR} 20... Bh4) 21. Rad1 Bh4 22. g3 Bf6 ({RR} 22... Bg5 23. Nc4 Bxe3+ ({RR} 23... h4) 24. Qxe3 Qg5) 23. Nc4 Bg7 {Carlsen,M (2835)-Aronian,L (2805) Wijk aan Zee 2012 CBM 147 [Stohl,Igor] 1-0 (68)}) ({RR} 9. Qd2 Nbd7 10. Nge2 Ne4 11. Nxe4 Bxe4 12. Nc3 Bf5 13. Be2 O-O 14. O-O Re8 15. Rfe1 Nf6 16. Bd3 Bxd3 17. Qxd3 Nh5 18. Be5 Bd6 19. Bxd6 Qxd6 20. a3 a5 21. Na4 Nf6 22. Nc5 Re7 23. Qb3 Qc7 {Yu Yangyi (2717)-Movahed,S (2575) chess.com INT 2026 1-0 (75)}) 9... Bxd3 10. Qxd3 Nbd7 ({RR} 10... O-O) 11. Nge2 $146 ({RR} 11. Nf3 O-O 12. O-O Re8 13. Rab1 a5 14. a3 a4 15. Qc2 b5 16. Rfe1 Rc8 17. Rbd1 Bf8 18. Nd2 Nb6 19. Be5 Nfd7 20. Bg3 Bg7 21. Nf3 Nc4 22. e4 dxe4 23. Nxe4 Ndb6 24. Ne5 f6 25. Ng4 Nd5 {Dragun,K (2591)-Aghasaryan,R (2532) Saint Louis 2018 ½-½ (31)}) 11... O-O 12. O-O Re8 13. f3 c5 14. dxc5 Nxc5 15. Qd2 Ne6 16. Be5 Nd7 17. Bg3 Nb6 18. b3 Rc8 19. Rad1 Bb4 20. Qb2 Qf6 21. Be1 Ng7 22. Rd3 Nf5 23. Bd2 Bc5 24. Qc1 Qe7 25. Nd4 Nxd4 26. exd4 Bxd4+ 27. Rxd4 Qc5 28. Be3 Qxc3 29. Qxc3 Rxc3 30. Bf2 Re2 31. a4 Rxb3 32. a5 Nc4 33. Rxd5 f6 34. Rc1 Rd2 35. Rxd2 Nxd2 36. Bxa7 Rb5 37. Bb6 Nb3 38. Rc8+ Kf7 39. Rc7+ Ke6 40. Rxh7 g5 41. Kh2 Kf5 42. Rf7 Kg6 43. Rd7 Nxa5 44. Bxa5 Rxa5 45. Rxb7 Ra2 46. Rb6 Rc2 47. Kg3 Rd2 48. Rb4 Rc2 49. Rb5 Ra2 50. Rb1 Rc2 51. Rf1 Rb2 52. Rf2 Rb3 53. Rd2 Ra3 54. h4 gxh4+ 55. Kxh4 Ra4+ 56. g4 f5 57. Rd6+ Kg7 58. Rd7+ Kg6 59. Rd6+ Kg7 60. Kh5 fxg4 61. fxg4 Ra5+ 62. g5 Ra7 63. Rg6+ Kh8 64. Rh6+ Kg7 65. Rb6 Kh7 66. Rf6 Kg7 67. Rg6+ Kh7 68. Rh6+ Kg7 69. Rd6 Kh7 70. Rd5 Kg7 71. Rf5 Kh7 72. Re5 Kg7 73. Rd5 Kh7 74. Rf5 Kg7 75. g6 Rb7 76. Kg5 Rc7 77. Re5 Rb7 78. Rd5 Rc7 79. Rb5 Rd7 80. Ra5 Rc7 81. Re5 Ra7 82. Rf5 Rb7 83. Rd5 Ra7 84. Re5 Rb7 85. Kh5 Ra7 86. Rf5 Rb7 87. Rd5 Ra7 88. Rd6 Ra5+ 89. Kg4 Ra4+ 90. Kf5 Ra5+ 91. Kf4 Ra4+ 92. Kg5 Ra5+ 93. Kg4 Ra4+ 94. Kf3 Ra5 95. Kf4 Ra4+ 96. Kf5 Ra5+ 97. Ke6 Kxg6 98. Rc6 Kg5 99. Kd6 Rf5 100. Rc5 Rxc5 101. Kxc5 1/2-1/2

[Event "Airthings Play-In Match"]
[Site "chess.com INT"]
[Date "2023.02.03"]
[Round "1.1"]
[White "Andreikin, D."]
[Black "Erigaisi, Arjun"]
[Result "0-1"]
[WhiteElo "2729"]
[BlackElo "2701"]
[PlyCount "82"]
[EventDate "2023.02.03"]
[EventType "k.o."]

1. d4 d5 2. c4 e6 3. Nc3 c6 4. cxd5 exd5 5. Bf4 Nf6 6. e3 Bf5 7. Nge2 Bd6 8. Ng3 Be6 9. Bd3 O-O 10. O-O Re8 11. h3 $146 ({RR} 11. Bxd6 Qxd6 12. Qc2 a5 13. a3 Nbd7 14. Rac1 g6 15. Nge2 Nf8 16. Nf4 Bd7 17. h3 b6 18. Na4 Rab8 19. Rfd1 h5 20. b4 axb4 21. axb4 Qxb4 22. Rb1 Qa5 23. Ra1 b5 24. Nc5 Qd8 25. Rdc1 Bc8 {Bournel,A (2431)-Domin,Y (2282) chess.com INT 2026 1-0 (83)}) 11... a5 12. a3 Na6 13. Be5 Bxe5 14. dxe5 Nd7 15. f4 Qh4 16. Kh2 g6 17. Nce2 Nac5 18. Nd4 Nxd3 19. Qxd3 f5 20. b4 Qe7 21. Nge2 Nb6 22. Nc3 Bf7 23. Rfb1 Nc4 24. Na4 Qc7 25. b5 Rxe5 26. b6 Qd6 27. Nc2 Rae8 28. Re1 Re4 29. Nc3 R4e7 30. Rad1 Nb2 31. Qd2 Nxd1 32. Rxd1 Rxe3 33. Nxe3 Qxf4+ 34. Kh1 Qxe3 35. Qb2 d4 36. Na4 Bd5 37. Nc5 Qxh3+ 38. Kg1 Qg4 39. Rxd4 Re1+ 40. Kh2 f4 41. Rxd5 Qg3# 0-1

[Event "Titled Tue 13th Dec Early"]
[Site "chess.com INT"]
[Date "2022.12.13"]
[Round "5"]
[White "Fier, A."]
[Black "Bluebaum, M."]
[Result "1-0"]
[WhiteElo "2600"]
[BlackElo "2657"]
[PlyCount "88"]
[EventDate "2022.12.13"]

1. d4 d5 2. c4 e6 3. Nc3 Bb4 4. a3 Bxc3+ 5. bxc3 Nf6 6. e3 c6 7. cxd5 cxd5 8. c4 O-O 9. cxd5 Qxd5 10. Nf3 b6 11. Be2 Ba6 12. O-O Bxe2 13. Qxe2 Nc6 14. a4 Rac8 $146 ({RR} 14... Na5 15. Ba3 Rfc8 16. Ne5 Nc4 17. Nxc4 Rxc4 18. a5 b5 19. a6 b4 20. Bb2 Rac8 21. Rfc1 h6 22. h3 Rxc1+ 23. Rxc1 Rxc1+ 24. Bxc1 b3 25. f3 Qc6 26. Qb2 Nd5 27. Bd2 Qc2 28. Qc1 Qxc1+ 29. Bxc1 {Krasteva,B (2281)-Mastrovasilis,D (2537) Skopje MKD 2024 0-1}) 15. Ba3 Rfd8 16. Rfc1 Na5 17. Be7 Re8 18. Bxf6 gxf6 19. Nd2 Kg7 20. h3 Red8 21. Qa6 Qb7 22. Qb5 e5 23. Nf3 Rd5 24. Qb2 e4 25. Nd2 f5 26. Rxc8 Qxc8 27. Rc1 Qd7 28. Qa3 h5 29. Nb1 Rd6 30. Nc3 Rg6 31. Ne2 h4 32. Nf4 Rc6 33. d5 Rxc1+ 34. Qxc1 Qxa4 35. Qc3+ Kf8 36. Qf6 Ke8 37. Qxf5 Qc4 38. Qf6 Nb7 39. d6 Kd7 40. Qe7+ Kc8 41. d7+ Kb8 42. Qe8+ Kc7 43. Qc8+ Kd6 44. Qxc4 Nc5 1-0

[Event "Airthings Masters Play-In"]
[Site "chess.com INT"]
[Date "2023.02.03"]
[Round "7"]
[White "Nakamura, Hi"]
[Black "Bluebaum, M."]
[Result "1-0"]
[WhiteElo "2768"]
[BlackElo "2663"]
[PlyCount "95"]
[EventDate "2023.02.03"]

1. c4 e6 2. Nc3 d5 3. d4 Bb4 4. cxd5 exd5 5. Bf4 c5 6. dxc5 ({RR} 6. e3 c4 7. Nge2 Nc6 8. a3 Ba5 9. b4 cxb3 10. Qxb3 Be6 11. f3 Nf6 12. Kf2 O-O 13. Na4 Nh5 14. h4 b6 15. g4 Nxf4 16. Nxf4 Qd6 17. Qb2 Rac8 18. Ba6 Rc7 19. Rac1 Ne7 20. Rxc7 Qxc7 {Nakamura,H (2736)-Anton Guijarro,D (2693) Warsaw 2021 ½-½}) 6... Nf6 7. Rc1 $146 ({RR} 7. e3 Nc6 8. Bb5 O-O 9. Bd6 Re8 10. Nge2 Ne4 11. O-O Nxd6 12. cxd6 Bxd6 13. Qxd5 Be6 14. Qh5 Qc7 15. Rac1 a6 16. Bxc6 Qxc6 17. Nd4 Qb6 18. Nxe6 Rxe6 19. Qe2 Qa5 20. Rfd1 Qg5 21. Rxd6 Rxd6 {Santos Latasa,J (2575)-Efremov,V (2188) Chess.com INT 2020 1-0 (46)}) ({RR} 7. e3 O-O 8. Bd3 Bxc3+ 9. bxc3 Nbd7 10. Bd6 Re8 11. Ne2 Qa5 12. a4 Nxc5 13. Bb5 Ncd7 14. O-O a6 15. Bxd7 Bxd7 16. Bb4 Qc7 17. a5 Bb5 18. Re1 Ng4 19. Nf4 Nf6 20. Nxd5 Nxd5 21. Qxd5 Rad8 {Vakhidov,J (2506)-Bluebaum,M (2695) chess.com INT 2026 ½-½ (56)}) 7... O-O 8. e3 Bxc5 9. Nf3 Nc6 10. a3 a6 11. Bg5 Be7 12. Be2 h6 13. Bh4 Be6 14. O-O Qb6 15. Na4 Qa7 16. b4 Rfd8 17. Nc5 Bg4 18. Nb3 Rac8 19. Nfd4 Nxd4 20. Nxd4 Rxc1 21. Qxc1 Bxe2 22. Nxe2 a5 23. Nd4 axb4 24. Nf5 b5 25. axb4 Qd7 26. Qc2 Qe6 27. Nd4 Qg4 28. Nc6 Qxh4 29. Nxe7+ Kh8 30. Qc7 Rd7 31. Qb8+ Kh7 32. Nc6 Qe4 33. Qxb5 Rc7 34. Qb6 Rc8 35. Qb7 Qe8 36. b5 Ne4 37. Nd4 Nc3 38. h3 Rc5 39. b6 Rc4 40. Qa6 Qb8 41. Rc1 g6 42. g3 Ra4 43. Qd3 Ne4 44. Qb3 Ra6 45. Qxd5 Ng5 46. h4 Qe5 47. Qxe5 Nf3+ 48. Nxf3 1-0

[Event "Global Chess League 2023"]
[Site "Dubai UAE"]
[Date "2023.06.26"]
[Round "6.3"]
[White "Radjabov, T."]
[Black "Erigaisi, Arjun"]
[Result "1/2-1/2"]
[WhiteElo "2747"]
[BlackElo "2702"]
[PlyCount "73"]
[EventDate "2023.06.22"]
[WhiteTeam "Balan Alaskan knights"]
[BlackTeam "SG Alpine Warriors"]

1. d4 d5 2. c4 e6 3. Nc3 c6 4. e3 Nd7 5. Nf3 f5 6. Qc2 Bd6 ({RR} 6... g6 7. g3 Ngf6 8. Bg2 Bd6 9. O-O O-O 10. b3 Ne4 11. Bb2 b6 12. Ne2 Bb7 13. Rac1 a5 14. Nf4 Qe7 15. Nd3 a4 16. c5 bxc5 17. Nxc5 Ndxc5 18. dxc5 Bxc5 19. Ne5 axb3 20. axb3 Rfc8 21. Bxe4 {Klukin,K (2413)-Aadit,B (2087) chess.com INT 2024 1-0 (63)}) 7. c5 $146 ({RR} 7. Bd2 a6 8. h3 Ngf6 9. g4 O-O 10. gxf5 exf5 11. Bd3 dxc4 12. Bxc4+ Kh8 13. Bd3 Nd5 14. Nxd5 cxd5 15. O-O-O Nf6 16. Ne5 Ne4 17. Be1 Bd7 18. Kb1 Bb5 19. Bxb5 axb5 20. f3 Ng5 21. h4 Ne6 {Wachinger,G (2260)-Giessmann,S (2135) Bayern 1993 1-0 (41)}) ({RR} 7. Bd2 Ne7 8. Bd3 Nf6 9. Ne5 Ne4 10. f4 Bd7 11. O-O O-O 12. Be1 Kh8 13. Qb3 Rb8 14. Be2 Ng8 15. Nxe4 fxe4 16. Bb4 Qe7 17. a3 Nh6 18. Bxd6 Qxd6 19. Qb4 Qc7 20. Bg4 b6 21. cxd5 c5 {Dreev,A (2670)-Slobodjan,R (2525) Nussloch 1996 1-0}) 7... Bc7 8. b4 a6 9. Bb2 Ngf6 10. Bd3 Ne4 11. Ne2 Qf6 12. h4 O-O 13. g3 Qh6 14. Nf4 Ndf6 15. Ne5 a5 16. a3 axb4 17. axb4 Rxa1+ 18. Bxa1 g5 19. Nh3 Bxe5 20. dxe5 Ng4 21. Bd4 gxh4 22. Bxe4 fxe4 23. Nf4 Qg5 24. gxh4 Qf5 25. Qb2 Kf7 26. Qa1 Rg8 27. Ke2 Nh6 28. Rg1 Rxg1 29. Qxg1 Bd7 30. Bc3 Ng4 31. Qa1 Nh2 32. Qg1 Nf3 33. Qg3 Nxe5 34. Nxd5 Qh5+ 35. Kf1 exd5 36. Bxe5 Qg4 37. Qxg4 1/2-1/2

[Event "WR Chess Masters 2023"]
[Site "Dusseldorf GER"]
[Date "2023.02.16"]
[Round "1.3"]
[White "Giri, A."]
[Black "Gukesh, D."]
[Result "1/2-1/2"]
[WhiteElo "2780"]
[BlackElo "2718"]
[PlyCount "164"]
[EventDate "2023.02.16"]

1. d4 d5 2. c4 e6 3. Nc3 Bb4 4. e3 Nf6 5. a3 Bxc3+ 6. bxc3 c6 7. Bd3 O-O ({RR} 7... e5 8. a4 e4 9. Bc2 O-O 10. Bb3 b6 11. Ba3 Re8 12. cxd5 cxd5 13. c4 dxc4 14. Bxc4 Ba6 15. Rc1 Bxc4 16. Rxc4 b5 17. Rc5 Qa5+ 18. Kf1 a6 19. Ne2 Nbd7 20. Rc1 Nb6 21. Nf4 Qxa4 22. Qxa4 {Firouzja,A (2777)-Bluebaum,M (2668) chess.com INT 2023 1-0 (63)}) 8. Ne2 e5 $146 ({RR} 8... b6 9. O-O Ba6 10. cxd5 cxd5 11. Bxa6 Nxa6 12. Qd3 Qc8 13. f3 Rd8 14. Ng3 Qc4 15. Qxc4 dxc4 16. e4 Nd7 17. a4 Nc7 18. Ba3 a6 19. Rfb1 Rdc8 20. Nf1 Ne8 21. Ne3 Ra7 22. Kf2 h5 23. Rb2 {Martinovic,S (2504)-Gajewski,G (2567) Zagreb 2011 1-0 (48)}) ({RR} 8... b6 9. cxd5 cxd5 10. O-O Ba6 11. f3 Qc8 12. e4 Bxd3 13. Qxd3 Qa6 14. Qe3 Nc6 15. Ng3 Ne7 16. h4 Rac8 17. h5 h6 18. Bd2 Qa4 19. Qf4 Qc2 20. Rf2 Qd3 21. Qh4 Kh7 22. Re1 Rce8 23. Nf1 {Iniyan,P (2590)-Xiong,J (2656) chess.com INT 2026 1-0 (33)}) 9. dxe5 Ng4 10. cxd5 Nxe5 11. e4 f5 12. O-O Nxd3 13. Qxd3 fxe4 14. Qxe4 cxd5 15. Qd3 Bf5 16. Qg3 Nc6 17. Be3 Qe8 18. Rad1 Qf7 19. Rd2 Rad8 20. Rfd1 Rd7 21. Nd4 Bg6 22. Nxc6 bxc6 23. c4 Bh5 24. f3 Re8 25. Bf2 Bg6 26. cxd5 cxd5 27. h3 h6 28. Rc1 Kh7 29. Bd4 Bf5 30. Kh2 Re6 31. Rc8 Re8 32. Rxe8 Qxe8 33. Rb2 Qg6 34. Qe5 Bd3 35. a4 Bc4 36. a5 Qf7 37. Rb8 Re7 38. Qg3 Rb7 39. Rc8 a6 40. Qd6 Qe7 41. Qc6 Qf7 42. Qd6 Qe7 43. Qxe7 Rxe7 44. g4 Rf7 45. Kg3 g5 46. Rh8+ Kg6 47. Re8 Kh7 48. Re6 Bb5 49. Be5 Rd7 50. Bd4 Rf7 51. Re3 Kg6 52. Re5 Bc4 53. Re6+ Kh7 54. Re3 Kg6 55. h4 gxh4+ 56. Kxh4 Rf4 57. Be5 d4 58. Ra3 Rf7 59. Bxd4 Bd5 60. Kg3 h5 61. Rc3 hxg4 62. fxg4 Rd7 63. Be3 Kf6 64. Rc1 Ke6 65. Bb6 Rf7 66. Re1+ Kd6 67. Kh4 Be6 68. Kg5 Rf3 69. Rd1+ Kc6 70. Rc1+ Kd5 71. Rc5+ Kd6 72. Rc2 Kd5 73. Rd2+ Kc6 74. Re2 Kd7 75. Rd2+ Kc6 76. Rc2+ Kd5 77. Bc7 Rf8 78. Rd2+ Kc4 79. Rd6 Rg8+ 80. Kf6 Bxg4 81. Rxa6 Rc8 82. Ra7 Kb5 1/2-1/2

[Event "Airthings Masters Div 2 L"]
[Site "chess.com INT"]
[Date "2023.02.07"]
[Round "1.3"]
[White "Bluebaum, M."]
[Black "Deac, Bogdan-Daniel"]
[Result "1-0"]
[WhiteElo "2663"]
[BlackElo "2700"]
[PlyCount "143"]
[EventDate "2023.02.07"]

1. d4 d5 2. c4 e6 3. Nc3 a6 4. cxd5 exd5 5. a3 ({RR} 5. Bf4 c6 6. e3 Bd6 7. Bxd6 Qxd6 8. Bd3 Ne7 9. Qc2 g6 10. f3 O-O 11. Nge2 Nf5 12. Qd2 Re8 13. O-O-O {1-0 (13) Grischuk,A (2771)-Ponomariov,R (2744) Moscow 2010}) 5... Be6 ({RR} 5... c6 6. Qc2 Nf6 7. Bg5 Bd6 8. e3 Nbd7 9. Bd3 h6 10. Bh4 O-O 11. Nge2 Re8 12. Rc1 Nf8 13. O-O Bg4 14. Bg3 Bh5 15. Nf4 Bxf4 16. Bxf4 Bg6 17. Ne2 Bxd3 18. Qxd3 Ne4 19. Ng3 Ne6 20. Nxe4 {Duarte Cramer,L (1836)-Hrescak,I (2108) chess.com INT 2025 1-0 (39)}) ({RR} 5... c6 6. Bf4 Bd6 7. Bxd6 Qxd6 8. e3 Ne7 9. Nge2 O-O 10. Ng3 Be6 11. Bd3 Nd7 12. O-O g6 13. Bc2 Rae8 14. Qd2 f5 15. Nge2 Nc8 16. Nf4 Qe7 17. Rae1 Nd6 18. f3 Qg7 19. Kh1 Bf7 20. Nd3 {Deac,B (2691)-Dishman,S (2358) Vrnjacka Banja SRB 2024 1-0 (50)}) 6. Bf4 Nf6 $146 ({RR} 6... Bd6 7. Bxd6 Qxd6 8. e3 Nf6 9. Bd3 Nbd7 10. Nge2 O-O 11. O-O c5 12. Rc1 c4 13. Bb1 b5 14. f3 Rab8 15. e4 dxe4 16. fxe4 Ng4 17. Qd2 Qxh2# {0-1 (17) Nascimento,P (1978)-Josse,M (2235) Chess.com INT 2020}) 7. e3 c5 8. Nge2 Nc6 9. g3 h6 10. Bg2 Be7 11. Be5 cxd4 12. Bxd4 Nxd4 13. Qxd4 Rc8 14. Rd1 O-O 15. O-O Rc4 16. Qd2 b5 17. Qd3 Qc8 18. Nf4 d4 19. Ncd5 Nxd5 20. Bxd5 Rd8 21. Bxe6 fxe6 22. Qg6 Bf6 23. exd4 Rdxd4 24. Rxd4 Rxd4 25. Re1 e5 26. Nh5 Qd8 27. Qc2 Kf7 28. b3 Qd5 29. a4 bxa4 30. bxa4 Qc4 31. Qf5 Qd3 32. Qc8 Qc4 33. Qf5 Qd3 34. Qc8 Qc4 35. Qa8 Qxa4 36. Nxf6 gxf6 37. Qh8 Rd1 38. Qh7+ Ke6 39. Qg8+ Ke7 40. Qg7+ Ke8 41. Qg6+ Ke7 42. Qg7+ Ke8 43. Qg8+ Ke7 44. Rxd1 Qxd1+ 45. Kg2 h5 46. Qg7+ Ke6 47. Qg8+ Ke7 48. Qa8 Qd3 49. h3 Kf7 50. Qh8 Kg6 51. Qg8+ Kh6 52. Qh8+ Kg6 53. Qg8+ Kh6 54. Qf7 Qe4+ 55. Kg1 Qe1+ 56. Kg2 Qe4+ 57. Kh2 Qf3 58. Qf8+ Kg6 59. Qg8+ Kh6 60. Qf8+ Kg6 61. Qg8+ Kh6 62. Qa2 e4 63. Qd2+ Kg6 64. Kg1 h4 65. gxh4 Qxh3 66. Qf4 Qf3 67. Qd6 e3 68. Qd3+ Kh6 69. fxe3 a5 70. Qd2 a4 71. e4+ Kh5 72. Qe1 1-0

[Event "Titled Tue 21st Feb Late"]
[Site "chess.com INT"]
[Date "2023.02.21"]
[Round "8"]
[White "Bluebaum, M."]
[Black "Andreikin, D."]
[Result "1/2-1/2"]
[WhiteElo "2663"]
[BlackElo "2729"]
[PlyCount "113"]
[EventDate "2023.02.21"]

1. d4 d5 2. c4 e6 3. Nc3 a6 4. cxd5 exd5 5. Bf4 Nf6 6. e3 Bd6 7. Bxd6 Qxd6 8. Bd3 O-O 9. Nge2 Bg4 10. f3 Bh5 11. Qd2 c5 ({RR} 11... Re8 12. O-O Bg6 13. Nf4 Nc6 14. a3 Re7 15. Rfe1 Rae8 16. Re2 Nd8 17. Rae1 Ne6 18. Nxe6 Rxe6 19. Bxg6 hxg6 20. Qd3 c6 21. b4 Nh5 22. Qd2 Qe7 23. e4 dxe4 24. Rxe4 Qd6 25. Rxe6 Rxe6 26. Rxe6 {Bluebaum,M (2672)-Andreikin,D (2729) chess.com INT 2023 ½-½}) 12. dxc5 Qxc5 13. Nf4 $146 ({RR} 13. Rc1 Nbd7 14. Nf4 Rac8 15. O-O d4 16. Ncd5 Qd6 17. Nxf6+ Nxf6 18. Rc4 Rxc4 19. Bxc4 Rd8 20. Rd1 Qc7 21. Bb3 d3 22. Nxd3 Bg6 23. e4 Qb6+ 24. Qf2 Qb5 25. Qc5 Qe8 26. Nf4 Rxd1+ 27. Bxd1 Nd7 {Nakhbayeva,G (2352)-Pratyusha,B (2294) Hyderabad 2018 1-0 (43)}) 13... Nc6 14. Rc1 d4 15. Ncd5 dxe3 16. Nxf6+ gxf6 17. Rxc5 exd2+ 18. Kxd2 Bg6 19. Nxg6 hxg6 20. Be4 Rad8+ 21. Kc3 Rfe8 22. Bxc6 bxc6 23. Rxc6 Re3+ 24. Kc2 Re2+ 25. Kc3 Rxg2 26. Rc1 Rf2 27. Kb3 Rb8+ 28. Ka4 Rbxb2 29. a3 Rxf3 30. Rxa6 Rxh2 31. Rb6 Kg7 32. Rb4 Ra2 33. Rb3 Rxb3 34. Kxb3 Re2 35. a4 g5 36. a5 Kg6 37. a6 Re8 38. a7 Ra8 39. Ra1 g4 40. Kc4 Kg5 41. Kd5 g3 42. Ke4 Kg4 43. Ke3 Re8+ 44. Kd3 g2 45. a8=Q Rxa8 46. Rxa8 Kf3 47. Rg8 f5 48. Kd4 f6 49. Kd5 f4 50. Ke6 Kf2 51. Kf5 f3 52. Ke4 Ke2 53. Rg3 f2 54. Rxg2 Ke1 55. Rxf2 Kxf2 56. Kf5 Ke3 57. Kxf6 1/2-1/2

[Event "Chessable Masters Play-In"]
[Site "chess.com INT"]
[Date "2023.03.13"]
[Round "3"]
[White "Bluebaum, M."]
[Black "Fier, A."]
[Result "1-0"]
[WhiteElo "2661"]
[BlackElo "2606"]
[PlyCount "61"]
[EventDate "2023.03.13"]

1. d4 d5 2. c4 e6 3. Nc3 c6 4. Nf3 dxc4 5. e4 b5 6. Qc2 Nf6 ({RR} 6... a6 7. Be2 Bb7 8. O-O Nf6 9. b3 cxb3 10. axb3 Be7 11. e5 Nd5 12. Nxd5 Qxd5 13. Bd3 c5 14. dxc5 Nd7 15. Rd1 Qxc5 16. Qe2 Rd8 17. Ba3 Bxf3 18. Qxf3 Nxe5 19. Bxc5 Nxf3+ 20. gxf3 Bxc5 21. Bxb5+ {Bluebaum,M (2643)-Sevian,S (2692) chess.com INT 2025 ½-½ (44)}) 7. Be2 a5 $146 ({RR} 7... Bb7 8. O-O Be7 9. Rb1 a6 10. b3 cxb3 11. Rxb3 Nbd7 12. e5 Nd5 13. Nxd5 cxd5 14. Qd2 O-O 15. Qf4 f5 16. Qxf5 Rxf5 17. Be3 Rc8 18. h3 Nb6 19. Nd2 Nc4 20. Bg4 Nxd2 21. Bxd2 Bg5 22. Bxf5 {Bluebaum,M (2640)-Volkov,M (2306) chess.com INT 2024 0-1 (41)}) ({RR} 7... Bb7 8. O-O Be7 9. Rb1 a6 10. b3 cxb3 11. Rxb3 Nbd7 12. e5 Nd5 13. Nxd5 exd5 14. e6 fxe6 15. Bd3 Qc7 16. a4 Bd6 17. Ng5 Nf8 18. axb5 cxb5 19. Rc3 Qe7 20. Re1 b4 21. Rb3 Rc8 22. Qb1 {Bluebaum,M (2684)-Rueda Ahumada,G (1915) chess.com INT 2026 1-0 (41)}) 8. O-O a4 9. Rd1 Be7 10. Bg5 Bb7 11. e5 Nd5 12. Ne4 Ra7 13. Nd6+ Kf8 14. Bxe7+ Qxe7 15. b3 c3 16. b4 Na6 17. a3 Nac7 18. Ne1 f5 19. Nd3 Ne8 20. Nxe8 Kxe8 21. Bf3 c5 22. bxc5 Qg5 23. Qc1 Qh4 24. Bxd5 Bxd5 25. Nb4 Bb3 26. Rd3 Bc4 27. Qxc3 Bxd3 28. Qxd3 Kf7 29. d5 Rc8 30. c6 exd5 31. Qxf5+ 1-0

[Event "Titled Tue 21st Feb Late"]
[Site "chess.com INT"]
[Date "2023.02.21"]
[Round "5"]
[White "Andreikin, D."]
[Black "Indjic, A."]
[Result "1-0"]
[WhiteElo "2729"]
[BlackElo "2641"]
[PlyCount "73"]
[EventDate "2023.02.21"]

1. d4 d5 2. c4 e6 3. Nc3 Bb4 4. Nf3 dxc4 5. e3 b5 6. a4 c6 7. Bd2 Bxc3 8. Bxc3 Nf6 9. axb5 cxb5 10. b3 O-O 11. bxc4 bxc4 12. Bxc4 Bb7 13. Be2 ({RR} 13. O-O Nbd7 14. Bd3 Qe7 15. Rb1 Rfc8 16. Rxb7 Rxc3 17. Ne5 Qd6 18. Bxh7+ Kxh7 19. Rxd7 Nxd7 20. Qh5+ Kg8 21. Qxf7+ Kh8 22. Qh5+ Kg8 23. Qf7+ Kh8 24. Nxd7 a5 25. Nc5 Rxc5 26. dxc5 Qxc5 27. Qxe6 a4 {Pelletier,Y (2548)-Siebrecht,S (2386) Bad Woerishofen 2001 1-0 (43)}) 13... Ne4 $146 ({RR} 13... Nc6 14. O-O a5 15. Qa4 Nd5 16. Bd2 Qd6 17. Rab1 Ndb4 18. Rfc1 h6 19. Ne1 e5 20. Bf3 Rfc8 21. d5 Ne7 22. e4 Rxc1 23. Bxc1 f5 24. Qb5 fxe4 25. Qxb7 Rb8 26. Qa7 exf3 27. Qxa5 fxg2 28. Ba3 {Podlech,W-Wild,G (1999) Bad Wildbad 1998 0-1 (42)}) 14. Ba5 Qd5 15. Qb1 Ba6 16. Bxa6 Nxa6 17. O-O Rab8 18. Qa2 Qxa2 19. Rxa2 Rfc8 20. Rfa1 f6 21. h3 Rc6 22. Be1 Rbb6 23. Ra5 h6 24. g4 Kh7 25. Kg2 g5 26. d5 exd5 27. Nd4 Rd6 28. Nf5 Re6 29. Rxd5 Rb7 30. Rda5 Nec5 31. Bc3 Rbb6 32. Bd4 Rec6 33. Bxc5 Nxc5 34. Rxa7+ Nb7 35. Rd1 Rc7 36. Rd6 Rb2 37. Rxf6 1-0